All foreign players Atalanta - Statistics

General Stats
  • This quiz has been taken 40 times
  • The average score is 34 of 188
Answer Stats
Hint Answer % Correct
Josip Iličič
94%
Duván Zapata
84%
Papu Gómez
84%
Robin Gosens
84%
Luis Muriel
81%
Ademola Lookman
77%
Berat Djimsiti
77%
Mario Pašalić
77%
Marten De Roon
74%
Charles De Ketelaere
71%
Hans Hateboer
71%
Éderson
68%
Remo Freuler
68%
Teun Koopmeiners
68%
José Palomino
65%
El Bilal Touré
61%
Franck Kessié
61%
Musa Barrow
61%
Sead Kolašinac
61%
Juan Musso
58%
Rasmus Højlund
58%
Ruslan Malinovskiy
58%
Aleksey Miranchuk
55%
Merih Demiral
52%
Timothy Castagne
52%
Etrit Berisha
48%
Germán Denis
48%
Joakim Mæhle
42%
Simon Kjær
42%
Maximiliano Moralez
39%
Amad Diallo
35%
Jérémie Boga
35%
Mitchell Bakker
35%
Adriano (Ferreira Pinto)
32%
Cristian Romero
32%
Dejan Kulusevski
32%
Glenn Strömberg
32%
Karamoko Cissé
32%
Leonardo Rodriguez
32%
Moustapha Cissé
32%
Sam Lammers
32%
Ali Adnan
29%
Emil Holm
29%
Johan Mojica
29%
Adriano (Pereira Da Silva)
23%
Brandon Soppy
23%
Claudio Caniggia
23%
Yohan Benalouane
23%
Boukary Dramé
19%
Ebrima Colley
19%
Viktor Kovalenko
19%
Andreas Cornelius
16%
Carlos Carmona
16%
Ervin Zukanović
16%
Ibañez
16%
José García
16%
Marko Livaja
16%
Martin Škrtel
16%
Mauricio Pinilla
16%
Moussa Koné
16%
Vanja Vlahović
16%
Vlada Avramov
16%
Arkadiusz Reca
13%
Jørgen Sørensen
13%
Kurt Christensen
13%
Lasse Larsson
13%
Lionel Scaloni
13%
Mario Yepes
13%
Michel Adopo
13%
Mohamed Sarr
13%
Richmond Boakye
13%
Urby Emanuelson
13%
Abdoulay Konko
10%
Anthony Mounier
10%
Boško Šutalo
10%
Dino Da Costa
10%
Emmanuel Latte Lath
10%
Ernesto Chevantón
10%
Guilherme Arana
10%
György Garics
10%
Jaime Valdés
10%
Jasmin Kurtić
10%
Lennart Czyborra
10%
Leonardo Talamonti
10%
Magnus Troest
10%
Nicolas Haas
10%
Adrien Tameze
6%
Aleksandar Pešić
6%
Alemão
6%
Anton Krešić
6%
Boris Radunović
6%
Bryan Cabezas
6%
Constantin Nica
6%
Costinha
6%
Édgar Barreto
6%
Emiliano Rigoni
6%
Evair
6%
Ezequiel Schelotto
6%
Faisal Bangal
6%
Ivan Radovanović
6%
James Troisi
6%
João Schmidt
6%
José Herrera
6%
Karl Aage Hansen
6%
Lukáš Vorlický
6%
Marcelo Estigarribia
6%
Maximiliano Pellegrino
6%
Mbaye Seck
6%
Paolo Montero
6%
Poul Rasmussen
6%
Rodrigo Guth
6%
Serge Gakpé
6%
Stephen Makinwa
6%
Svend Jørgen Hansen
6%
Valentin Mihăilă
6%
Zlatan Muslimović
6%
Adrian Madaschi
3%
Ákos Kecskés
3%
Alassane Sidibe
3%
Alfonso Mion
3%
Aminu Sani
3%
Andrea Lombardo
3%
Apostolos Liolidis
3%
Bengt Gustavsson
3%
Bertil Nordahl
3%
Careca Bianchezi
3%
Carlos Matheu
3%
Clerici
3%
Dávid Forgács
3%
David Heidenreich
3%
Davor Vugrinec
3%
Erdis Kraja
3%
Fabiano
3%
Facundo Parra
3%
Federico Magallanes
3%
Fernando Tissone
3%
Flemming Nielsen
3%
Franck Sauzée
3%
George Forsyth
3%
Gerry Hitchens
3%
Gleison
3%
Hans Jeppson
3%
Hugo Lamanna
3%
Igor Budan
3%
Isnik Alimi
3%
Ivan Javorčić
3%
Iván Valenciano
3%
Jan Peters
3%
Joakim Olausson
3%
Joakim Persson
3%
John Maisano
3%
José Espinal
3%
József Violak
3%
Julien Rantier
3%
Július Korostelev
3%
Kewullay Conteh
3%
Khadim Ndiaye
3%
Lamin Badjie
3%
Lampros Choutos
3%
Leandro Soares
3%
Ljubiša Dunđerski
3%
Mannah Chiwisa
3%
Mario Sabbatella
3%
Matevž Dajčar
3%
Migjen Basha
3%
Miguel Layún
3%
Miguel Longo
3%
Mihály Kincses
3%
Nana Welbeck
3%
Nelson Abeijón
3%
Nelson Cancela
3%
Nicolas Napol
3%
Ousmane Dabo
3%
Papa Demba
3%
Patrick Asmah
3%
Piá
3%
Przemysław Frąckowiak
3%
Raul Conti
3%
Robert Englaro
3%
Roberto Battaglia
3%
Robert Prytz
3%
Rubén Bentancourt
3%
Sándor Olajkár
3%
Saša Bjelanović
3%
Trevor Francis
3%
Vinicio Espinal
3%
Vlado Šmit
3%
Zoran Mirković
3%
No matching quizzes found
Score Distribution
Percent of People with Each Score
Percentile by Number Answered
Your Score History
You have not taken this quiz